| 000 | 00625nam a22002297a 4500 | ||
|---|---|---|---|
| 999 |
_c3417 _d3417 |
||
| 003 | OSt | ||
| 005 | 20240103094611.0 | ||
| 008 | 240103b ||||| |||| 00| 0 eng d | ||
| 020 | _a9780192747112 | ||
| 040 | _cKH8 | ||
| 082 | _a423.12 OXF | ||
| 110 | _aOxford University Press | ||
| 245 | _aOxford School Thesaurus. | ||
| 260 |
_aNew York ; _bOxford University Press , _c2016. |
||
| 300 |
_axi, 580 pages : _c11 cm x 15.2 cm. |
||
| 650 | _aEnglish dictionary | ||
| 650 | _aVocabulary | ||
| 650 | _aGrammar | ||
| 650 |
_aEnglish skills _vPunctuation skills |
||
| 700 |
_aDelahunty, Andrew, _eeditor. |
||
| 942 |
_2ddc _cTR |
||